| 000 | 00809nam a2200253Ia 4500 | ||
|---|---|---|---|
| 003 | OSt | ||
| 005 | 20220923215308.0 | ||
| 006 | a|||||r|||| 00| 0 | ||
| 007 | ta | ||
| 008 | 220922b |||||||| |||| 00| 0 hin d | ||
| 024 | _a177,504 | ||
| 037 | _cTextual | ||
| 040 |
_aARTS _cARTS _bhin |
||
| 041 |
_2hin _ahin |
||
| 082 | _aO152,1L53:g(P), L7 | ||
| 100 | _aखत्री, मधु | ||
| 245 | 0 | _aपद्माकर की काव्य भाषा | |
| 246 | _aPadmākar kī kāvya bhāṣhā | ||
| 260 |
_aदिल्ली _b अभिनव प्रकाशन _c1977 |
||
| 300 |
_a252 पृ. _ccm. |
||
| 650 |
_aहिन्दी साहित्य _9156264 |
||
| 942 |
_hO152,1L53:g(P), L7 _cTEXL _2CC |
||
| 999 |
_c330892 _d330892 |
||